| 000 | 00453nam a2200169Ia 4500 | ||
|---|---|---|---|
| 005 | 20240604022213.0 | ||
| 008 | 240331s9999 xx 000 0 und d | ||
| 020 | _a0745611710 | ||
| 082 |
_bMAT _a362 |
||
| 100 | _aMatoesian, G.M | ||
| 245 | 0 |
_aReproducing rape : _bdomination through talk in the courtroom |
|
| 260 |
_aBlackwell Publishers _bCambridge _c1993 |
||
| 300 | _a256 p., | ||
| 650 | _aFeminism | ||
| 650 | _aReproductive Rights | ||
| 942 | _cL | ||
| 999 |
_c2919 _d2919 |
||